000 00919nam0a2200289 4500
001 RU\NLR\ONL1\8293
005 20250806203000.0
035 _a(NLR Aleph) 009637043
090 _a42864
_c42864
100 _a20060413d1944 u y0rusy50 ca
101 1 _afiu
_crus
102 _aRU
105 _ac |||||||||
200 1 _aБасняос
_e[Пер. с рус.]
210 _aИжевск
_cУдмуртгосиздат
_d1944
215 _a24,[2] с.
_cпортр.
_d19
541 1 _aБасни
_zrus
686 1 _aШ6(2=У)-91Р5-7
700 1 _aКрылов
_bИ. А.
_cбаснописец
_f1769-1844
_gИван Андреевич
_3RU\NLR\AUTH\772707
_4070
801 0 _aRU
_bNLR
_c20060413
_gPSBO
852 _aNLR
_bОНЛ
_jУдмур./2-476
942 _cBOOK
945 _aРоссийская национальная библиотека
980 _aNB
980 _aBV